000 00647nam a2200205Ii 4500
003 JO-AjNU
008 230605s9999||||xx |||||||||||||| ||und||
040 _aJO-AjNU
_bara
_erda
_cJO-AjNU
041 _aara
050 1 4 _aQA276 .Q2964 2002
100 3 _aعبدالجبار، قيس ناجي,
_eauthor
_931850
245 0 0 _a أصول الإحصاء والطرق الإحصائية
250 _aط1
264 3 1 _aعمان:دار المناهج، 2002
300 _a156ص
336 _atext
_btxt
_2rdacontent
337 _aunmediated
_bn
_2rdamedia
338 _avolume
_bnc
_2rdacarrier
650 4 _a رياضيات إحصائية. 
_931851
999 _aA12787
_c16355
_d16355